000 01131naa a2200337 c 4500
001 29613
003 ES-MaCES
005 20150929135529.0
008 960524n1995 sp ||| | spa d
035 _aCES19980035570v
040 _aES-MaCES
_bspa
_cES-MaCES
100 1 _aCollado, Juan Carlos
_99797
245 1 0 _aCambio ocupacional y competitividad de la economía española
_cJuan Carlos Collado
504 _aBibliografía: p. 369
650 4 _acuadros estadísticos
_928890
650 4 _a1982-1991
_930925
650 4 _ainvestigación ocupacional
_929814
650 4 _asegmentación del mercado de trabajo
_929566
650 4 _aestructura del empleo
_928304
650 4 _aclasificación de ocupaciones
_930163
650 4 _aocupación
_928402
650 4 _aconvergencia
_930771
650 4 _acomparación
_928892
650 4 _aEspaña
_926964
653 1 0 _aEmpleo
650 4 _926752
_aUE
773 0 _tEconomistas
_gMadrid. - Año 13, n. 64 extraordinario (1995) ; p. 362-369
_w(ES-MaCES)25299
902 _aART Artículo de revista
942 _2CES
_cAR
_h2.1.
999 _c29613
_d29613